Statistics for Fictional Places in Songs

Click here to take the quiz!

General Stats

  • This quiz has been taken 17,581 times
    (11,454 since last reset)
  • The average score is 10 of 18

Answer Stats

CluePlace% Correct
You can check out anytime, but you can never leaveHotel {California}
98%
New Orleans house that's been the ruin of many a poor boyHouse of the {Rising} {Sun}
86%
Elton John said goodbye to this Oz thoroughfare{Yellow} {Brick} Road
86%
A little old place where we can get together. Tin roof, rusted.{Love} Shack
81%
Donovan sang about this island that sank into the sea{Atlantis}
68%
Where the grass is green and the girls are pretty{Paradise} City
68%
Place on Lonely Street where Elvis dwelled{Heartbreak} Hotel
67%
Where Ringo would like to be, under the sea{Octopus}'s Garden
51%
Can you tell me how to get, how to get to …{Sesame} Street
49%
Where Fats Domino found his thrill{Blueberry} Hill
47%
The Beach Boys got there fast and took it slow{Kokomo}
46%
Place to search for a lost shaker of salt{Margarita}ville
44%
Town to keep me movin', keep me groovin' with some energy{Funky} Town
36%
Puff the Magic Dragon lived by the sea in a land called …{Honali}
36%
Wider than a mile, I'll be crossing you in style some day{Moon} River
34%
Where there's a lake of stew and of whiskey tooBig {Rock} {Candy} Mountain
22%
Where Gollum stole Led Zeppelin's girl{Mordor}
20%
You got trouble right here. Trouble that starts with "t" which rhymes with "p"
which stands for pool.
{River} City
14%

Score Distribution

Percentile by Number Answered

Percent of People with Each Score

Your Score History

You have not taken this quiz since the last reset